Libraries for professional practice (Record no. 27097)
[ view plain ]
| 000 -LEADER | |
|---|---|
| fixed length control field | 00284nam a2200109Ia 4500 |
| 082 ## - DEWEY DECIMAL CLASSIFICATION NUMBER | |
| Classification number | 002 |
| Item number | CAL |
| 100 ## - MAIN ENTRY--AUTHOR NAME | |
| Personal name | Calderhead, P |
| 245 #0 - TITLE STATEMENT | |
| Title | Libraries for professional practice |
| 260 ## - PUBLICATION, DISTRIBUTION, ETC. (IMPRINT) | |
| Place of publication | London |
| Name of publisher | Architectural press |
| Year of publication | 1972 |
| 942 ## - ADDED ENTRY ELEMENTS (KOHA) | |
| Koha item type | Books |
| Withdrawn status | Lost status | Damaged status | Not for loan | Home library | Current library | Date acquired | Cost, normal purchase price | Full call number | Accession Number | Koha item type |
|---|---|---|---|---|---|---|---|---|---|---|
| RRII Library | RRII Library | 16/12/2021 | 5.00 | 002 CAL | 07728 | Books |